000 00537nam a2200205Ia 4500
003 OSt
005 20250130110818.0
008 210716s1982 xx 000 0 und d
020 _a0440117658
040 _cAIMIT LIBRARY
041 _aeng
082 _a808.83
_21
_bVONK
100 _aVonnegut, Kurt.
_9196202
245 _aDeadeye dick /
_cBy Kurt Vonnegut.
250 _a1st ed.
260 _aNew York :
_bDell Publishing Co ;
_c1982.
300 _a240p. ;
_bPB
_c17 cm.
440 _vI&II
942 _2ddc
_cBK
_e1st ed.
_k808.83 VONK
999 _c200073
_d200073